Cambridge IGCSE English as a Second Language ; (Record no. 2610)
[ view plain ]
| 000 -LEADER | |
|---|---|
| fixed length control field | 01269nam a22002177a 4500 |
| 003 - CONTROL NUMBER IDENTIFIER | |
| control field | OSt |
| 005 - DATE AND TIME OF LATEST TRANSACTION | |
| control field | 20230731153914.0 |
| 008 - FIXED-LENGTH DATA ELEMENTS--GENERAL INFORMATION | |
| fixed length control field | 230731b ||||| |||| 00| 0 eng d |
| 020 ## - INTERNATIONAL STANDARD BOOK NUMBER | |
| International Standard Book Number | 9781009031943 |
| 040 ## - CATALOGING SOURCE | |
| Transcribing agency | KH8 |
| 082 ## - DEWEY DECIMAL CLASSIFICATION NUMBER | |
| Classification number | 428.24 LUC |
| 100 ## - MAIN ENTRY--PERSONAL NAME | |
| Personal name | Lucantoni, Peter, |
| Relator term | author. |
| 245 ## - TITLE STATEMENT | |
| Title | Cambridge IGCSE English as a Second Language ; |
| Remainder of title | coursebook / |
| Statement of responsibility, etc. | Peter Lucantoni. |
| 250 ## - EDITION STATEMENT | |
| Edition statement | Sixth edition |
| 260 ## - PUBLICATION, DISTRIBUTION, ETC. | |
| Place of publication, distribution, etc. | Cambridge: |
| Name of publisher, distributor, etc. | Cambridge University Press, |
| Date of publication, distribution, etc. | 2022. |
| 300 ## - PHYSICAL DESCRIPTION | |
| Extent | x, 356 pages, |
| Other physical details | colour illustrations. |
| 500 ## - GENERAL NOTE | |
| General note | Includes digital access |
| 520 ## - SUMMARY, ETC. | |
| Summary, etc. | The much-anticipated sixth edition of our Cambridge IGCSE™ English as a Second Language Coursebook with Digital Access is here. Written by English as a second language specialist, Peter Lucantoni, this resource provides clear and accessible guidance for English reading, writing, speaking and listening skills. Engaging topics, such as lifestyles and food, bring authentic English to life. Suitable for students studying the Cambridge IGCSE and IGCSE (9-1) English as a Second Language syllabuses for examination from 2024, and those seeking a course exit level of B1/B2 according to the Common European Framework of Reference for Languages. |
| 650 ## - SUBJECT ADDED ENTRY--TOPICAL TERM | |
| Topical term or geographic name entry element | Foreign language |
| 942 ## - ADDED ENTRY ELEMENTS (KOHA) | |
| Source of classification or shelving scheme | |
| Koha item type | Teaching Resources |
| Withdrawn status | Lost status | Source of classification or shelving scheme | Damaged status | Not for loan | Collection code | Permanent Location | Current Location | Shelving location | Date acquired | Total Checkouts | Full call number | Barcode | Date due | Date last seen | Date last checked out | Price effective from | Koha item type |
|---|---|---|---|---|---|---|---|---|---|---|---|---|---|---|---|---|---|
| Teaching Resources | KH8 Senior School Library | KH8 Senior School Library | Staff Office | 2023-07-31 | 1 | 428.24 LUC | TRKHSL001374 | 2025-07-04 | 2024-11-07 | 2024-11-07 | 2023-07-31 | Teaching Resources | |||||
| Teaching Resources | KH8 Senior School Library | KH8 Senior School Library | Staff Office | 2023-07-31 | 1 | 428.24 LUC | TRKHSL001375 | 2025-07-04 | 2024-11-07 | 2024-11-07 | 2023-07-31 | Teaching Resources | |||||
| Teaching Resources | KH8 Senior School Library | KH8 Senior School Library | Staff Office | 2023-07-31 | 1 | 428.24 LUC | TRKHSL001376 | 2025-07-04 | 2024-11-07 | 2024-11-07 | 2023-07-31 | Teaching Resources | |||||
| Teaching Resources | KH8 Senior School Library | KH8 Senior School Library | Staff Office | 2023-07-31 | 1 | 428.24 LUC | TRKHSL001378 | 2025-07-04 | 2024-11-07 | 2024-11-07 | 2023-07-31 | Teaching Resources | |||||
| Teaching Resources | KH8 Senior School Library | KH8 Senior School Library | Staff Office | 2023-07-31 | 2 | 428.24 LUC | TRKHSL001379 | 2026-07-03 | 2025-12-01 | 2025-12-01 | 2023-07-31 | Teaching Resources | |||||
| Teaching Resources | KH8 Senior School Library | KH8 Senior School Library | Staff Office | 2023-07-31 | 1 | 428.24 LUC | TRKHSL001380 | 2025-07-04 | 2024-11-07 | 2024-11-07 | 2023-07-31 | Teaching Resources | |||||
| Teaching Resources | KH8 Senior School Library | KH8 Senior School Library | Staff Office | 2023-07-31 | 1 | 428.24 LUC | TRKHSL001381 | 2025-07-04 | 2024-11-05 | 2024-11-05 | 2023-07-31 | Teaching Resources | |||||
| Teaching Resources | KH8 Senior School Library | KH8 Senior School Library | Staff Office | 2023-07-31 | 3 | 428.24 LUC | TRKHSL001382 | 2026-07-03 | 2025-12-03 | 2025-12-03 | 2023-07-31 | Teaching Resources | |||||
| Teaching Resources | KH8 Senior School Library | KH8 Senior School Library | Staff Office | 2023-07-31 | 1 | 428.24 LUC | TRKHSL001383 | 2025-07-04 | 2024-11-07 | 2024-11-07 | 2023-07-31 | Teaching Resources |